000 00643nam a2200181Ia 4500
008 151018s9999 xx 000 0 und d
082 _bRBASDV37050
_a891.462
100 _aशहाजी बाडे
245 _aका दुभंगली रक्ताची नाती
250 _b1
260 _bनिंबकर आणि मं
_c1996
300 _a80
600 _aशहाजी बाडे
630 _aका दुभंगली रक्ताची नाती
700 _aशहाजी बाडे
730 _aका दुभंगली रक्ताची नाती
942 _cBOOK
999 _c1036497
_d1036494